Statistics for Match the Car model to its manufacturer

Click here to take the quiz!

General Stats

  • This quiz has been taken 30 times
    (16 since last reset)
  • The average score is 12 of 25

Answer Stats

HintAnswer% Correct
HondaCivic
92%
BMWX5
92%
Mercedes-BenzG-Class
83%
RenaultClio
67%
SubaruImpreza
67%
AudiRS3
67%
PorscheBoxster
58%
CitroenC3
58%
Aston MartinDB10
58%
TeslaRoadster
58%
LotusEvija
50%
Afla RomeoGiulia
50%
HyundaiSanta Fe
50%
DodgeDurango
42%
FordExpedition
42%
GenesisG80
42%
JeepRenegade
42%
BugattiLa Voiture Noire
33%
AcuraMDX
33%
FiatPanda
33%
KIATelluride
33%
ToyotaVenza
33%
CaddilacElDorado
25%
NissanArmada
17%
HoldenHSV
17%

Score Distribution

Percentile by Number Answered

Percent of People with Each Score

Your Score History

You have not taken this quiz since the last reset